| 000 | 01304cam a2200313 i 4500 | ||
|---|---|---|---|
| 001 | 17555110 | ||
| 003 | OSt | ||
| 005 | 20210317151110.0 | ||
| 008 | 121115s2012 ck 001 0 spa | ||
| 010 | _a 2013380211 | ||
| 020 | _a9789585758605 | ||
| 035 | _a(BO-CbLA)la1211L5841 | ||
| 040 |
_aDLC _cCO-JMCR |
||
| 041 | 0 | _aspa | |
| 082 | 0 | 4 |
_a347.05 / _bP259l _223 |
| 110 | 1 |
_aColombia. _98040 |
|
| 240 | 1 | 0 | _aCódigo general del proceso |
| 245 | 1 | 0 |
_aLey 1564 de 2012 (julio 12) con decreto 1736 de 2012 : _bpor medio de la cual se expide el Código general del proceso y se dictan otras disposiciones. / _cJairo Parra Quijano |
| 246 | 1 | 4 |
_aCódigo general del proceso : _bLey 1564 de 2012 |
| 250 | _aPrimera edición. | ||
| 260 |
_aBogotá, D.C., Colombia : _bInstituto Colombiano de Derecho Procesal, _c2012. |
||
| 300 |
_a808 páginas ; _c25 cm. |
||
| 500 | _aIncluye índice. | ||
| 505 | _aDocumentos relacionados con el CGP. -- Textos de la ley 1564 de 2012 de Julio 12. -- Código general del proceso en paralelo confrontado con la legislación anterior. -- Decreto 1736 de 2012 de 17 de agosto. -- | ||
| 650 | 1 | 4 |
_aProcedimiento Civil _zColombia. _99133 |
| 650 | 1 | 4 |
_aProceso civil _zColombia _913746 |
| 710 | 2 |
_aInstituto Colombiano de Derecho Procesal. _936246 |
|
| 942 |
_2ddc _cBK |
||
| 999 |
_c15417 _d15417 |
||